000 00390nam a2200145Ia 4500
005 20240408014609.0
008 240331s9999 xx 000 0 und d
082 _bMIE
_a331
100 _aMies, Maria
245 4 _aThe social origins of the sexual division of labour
_cMaria Mies
260 _aColombo
_bWomen's Education Center
_c1981
300 _a49 p .,
650 _aSexual
942 _cL
999 _c2704
_d2704